00748nam a22001457a 4500003000500000082000800005100002300013245019900036264003900235300002900274520016900303650003700472700003600509856005700545NUST a621 a Zeeshan, Muhammad aEffects of Viscous Dissipation and General Surface Temperature on Flow and Heat Transfer in a Thin Liquid Film on an Unsteady Stretching Sheet using Homotopy Analysis Method /cMuhammad Zeeshan  aIslamabad :b SMME- NUST; c2023.  a76p. ;bSoft Copyc30cm. aThe lie symmetry approach is used to investigate effects on various dissipation on flow and heat transmission in a thin liquid layer on unstable stretched sheet.... aMS Mechanical Engineering  aSupervisor : Dr Muhammad Safdar uhttp://10.250.8.41:8080/xmlui/handle/123456789/34375